000 01878nam a2200229Ia 4500
003 Ost
005 20260507075558.0
008 260507s9999||||xx |||||||||||||| ||und||
020 _a9960245713
040 _cfsecg
041 _aara
082 _a330
100 _aداس، بهاجيراث لال
_eمؤلف
245 0 _aمقدمة لاتفاقيات منظمة التجارة العالمية /
_c بهاجيراث لال داس
260 _aالرياض:
_bدار المريخ للنشر,
_c2006
300 _a213 صفحة؛
_c24 سم
520 _aنظرة عامة على الغات (جولة طوكيو, جولة اوروغواي) اضافة الى المبادئ الاساسية و العناصر الرئيسية لاتفاقاتمنظمة التجارة العالمية و معاملة الدول الاكثر رعاية و المعاملة الوطنية كذلك التعريفات الجمركية و الوقاية , احكام ميزان المدفوعات( المادة 18/ب من اتفاقية جات 1994) الدعم و الرسوم التعويضية و مكافحة الاغراق, الزراعة, المنتوجات و الملابس و كذا الحواجز الفنية أمام التجارة, التقييم الجمركي, قواعد المنشا و كذلك الترخيص بالاستيراد, تدابير الاستثمار المتصلة بالتجارة, المشروعات التجارية للدولة, الخدمات, الجوانب المتصلة بالتجارة لحقوق الملكية الفكرية, الاتفاقات عديدة الاطراف, عملية تسوية المنازعات و أخيرا المؤسسات و اتخاذ القرار.
653 _aالاتفاقيات التجارية
653 _aالتجارة الخارجية
653 _aمنظمة التجارة العالمية
942 _cكتاب
999 _c44980
_d44980